00486nam a2200205Ia 4500003000900000008004100009040001300050040001300063041000800076100001800084100000900102245008800111250001100199260001200210260000900222300001100231300001200242490001900254490000700273IT-RoPAU120407s9999 xx 000 0 und d aIT-RoPAU cIT-RoPAU afra aPius Drijvers cocso aLes Psaumes. Genres littéraires et thémes Doctrinaux. Traduit Du néerlandais. aParis  aDu Cerf c1958 a221 p. c22,5 cm aLectio Divina  v21